Mecanismos de la enfermedaad vascular : (Registro nro. 60566)

Detalles MARC
000 -LDR (LÍDER)
fixed length control field 00749nam a22002417 4500
008 - FIXED-LENGTH DATA ELEMENTS--GENERAL INFORMATION
fixed length control field 241128r |||a|||gr|||| 00| 0 spa d
020 ## - ISBN
ISBN 9788497514729 / 9780521860635
040 ## - FUENTE DE CATALOGACIÓN
Agencia catalogadora original CO-BoRNBP
Idioma de la agencia catalogadora spa
Norma para la descripción rda
Agencia que transcribe CO-BoRNBP
082 04 - Clasificación Dewey
Clasificación Dewey 616.1
Clave de autor F37m
100 1# - Autor
Nombre Fitridge , Robert
9 (RLIN) 69094
110 1# - ASIENTO PRINCIPAL--NOMBRE CORPORATIVO
Nombre corporativo o jurisdicción autor
245 10 - Título
Título Mecanismos de la enfermedaad vascular :
Subtítulo Texto para cirujanos vasculares
Mención de responsabilidad autores robert fitridge; matthew Thompson
250 ## - Edición
Edición 1 a. edición
264 #1 - Pie de imprenta
Ciudad de publicación Lima, Peru :
Editorial Lexus
Año 2012
300 ## - Descripción física
Extensión 408 páginas,
336 ## - Tipo de Contenido
Tipo de contenido texto
Código de tipo de contenido txt
Fuente rdacontenido
337 ## - Tipo de Medio
Tipo de Medio sin mediación
Código de tipo de medio n
Fuente rdamedio
338 ## - Tipo de soporte
Tipo de soporte volumen
Código de tipo de soporte nc
Fuente rdasoporte
650 17 - Asiento secundario de materia - término temático
Fuente del encabezado o término LEMB
942 ## - Información adicional
Tipo de material LIbro
110 1# - ASIENTO PRINCIPAL--NOMBRE CORPORATIVO
-- 69095
Existencias
Estado de pérdida Fuente del sistema de clasificación o colocación Estado de daño Koha normalized classification for sorting Not for loan Colección Biblioteca Biblioteca actual Localización Fecha de adquisición Koha issues (times borrowed) Signatura topográfica Código de barras Koha date last seen Ejemplar Price effective from Tipo de ítem
  Dewey Decimal Classification   616_100000000000000_F37M   Sala General Biblioteca Pública Acacias - Carlos María Hernández Rojas Biblioteca Pública Acacias - Carlos María Hernández Rojas General 02/20/2026   616.1 F37m ACA04863 02/20/2026 Ej.1 02/20/2026 LIbro









Instituto Departamental de Cultura del Meta - Red Departamental de Bibliotecas Públicas del Meta.